Statistics for UK Gameshow Hosts - Intials

Click here to take the quiz!

General Stats

  • This quiz has been taken 30 times
  • The average score is 10 of 20

Answer Stats

HintAnswer% Correct
PD - Magician who moved into quiz hosting (deceased)Paul Daniels
92%
VCM - Wife of a comedy actorVictoria Coren Mitchell
79%
AA - Comedian, actor and host of a teatime quizAlexander Armstrong
71%
BH - Presented a cult 1980's/90's teatime quiz (Deceased)Bob Holness
67%
BM - all round comedian, actor and quizmaster (deceased)Bob Monkhouse
63%
BF - Singer, actor, dancer, comedian and host of many hit quizzes of the 70's, 80's, 90's & 2000's (deceased)Bruce Forsyth
63%
LT - Actress and daughter of a famous comedian, she hosted a 2000's revamp of the quiz referred to in question 6Liza Tarbuck
63%
NE - Hosted quizzes in the 70's, 80's and 2000'sNoel Edmonds
63%
JP - 2nd host of the 'brainy' quiz referred to in the previous questionJeremy Paxman
58%
ST - Female comedian & actress, hosted a 2010's remake of an 80's quiz and is currently the 2nd host of a BBC 2 panel gameSandi Toksvig
54%
BG - original host of 'brainy' 60's - 90's quiz .. it was revamped in the 2000's (deceased)Bamber Gascoigne
50%
RB - Actor who hosts a BBC panel game showRob Brydon
50%
SM - Protégé of Ant & Dec - also a magicianStephen Mulhern
46%
AR - Hosted a hugely popular daytime quiz in the 1990's before taking over the reins of a long running quiz but only lasted a year as hostAnne Robinson
38%
BW - Comedian, actor who is seen as a rival to answer 9Bradley Walsh
38%
TR - Comedian and presenter of a cult 70's & 80's game show based on the Spanish show Un Dos Tres (Deceased)Ted Rogers
38%
JB - Comedian who hosted a very popular Sunday Teatime quiz (Deceased)Jim Bowen
29%
WD - 2010's latest presenter of a former 70's quiz (The Big Box Game) hosted by the first answer, also hosts a 'team' quiz on ITV afternoonsWarwick Davies
29%
AR - Actor who currently presents an afternoon ITV word gameAdil Ray
25%
MM - Hosted many TV quizzes in the 1960's (deceased)Michael Miles
13%

Score Distribution

Percentile by Number Answered

Percent of People with Each Score

Your Score History

You have not taken this quiz